Grenzen beim Bestimmen mikrogeometrischer Abweichungen der Oberflächen fester Körper mit Fühlschnittmessverfahren und das digitale, funktionsgerechte Auswerten senkrechter Profilschnitte : Dissertation /

Salvato in:
Dettagli Bibliografici
Autore principale: Halbig, Harald (Autore)
Natura: Manoscritto Libro
Lingua:tedesco
Pubblicazione: Hannover : Schweidnitz Univers, 1969
Tags: Aggiungi Tag
Nessun Tag, puoi essere il primo ad aggiungerne!!

MARC

LEADER 00000ntm a22000003a 4500
001 stu36702
005 20161024084445.9
008 920617s1969----gw------------------ger-d
040 |a STU  |b slo 
041 0 |a ger 
044 |a gw 
100 1 |a Halbig, Harald  |4 aut 
245 1 |a Grenzen beim Bestimmen mikrogeometrischer Abweichungen der Oberflächen fester Körper mit Fühlschnittmessverfahren und das digitale, funktionsgerechte Auswerten senkrechter Profilschnitte :  |b Dissertation /  |c [aut.]Harald Halbig 
260 |a Hannover :  |b Schweidnitz Univers,  |c 1969 
300 |a 73 s :  |b príl 
996 |b 284M003658  |c M*4130-1  |l MMKN  |s A  |a 24  |w stu36702_0001